000 00709cab a2200229 4500
001 WB2532-25
008 090401t1989 xxu||||| |||| 00| 0 eng d
035 _a(Sirsi) u16820
041 _aeng
245 _aOption clause comes under scrutiny
260 _c1989
350 _a0
490 _aEstates Gazette
_vno 8932, 12/8/89 p53
520 _aDiscusses price fixing and contract law with particular reference to the decision in Miller v Lakefield Estates Ltd , CA 27 April 1988.
650 _aAuctioneering
_96218
650 _aDEVELOPMENT LAND
650 _aJOINT VENTURES
650 _aLAW OF PROPERTY ACT 1925 S30
690 _aPROPERTY LAW AND PRACTICE
942 _n0
948 _c04/03/1997
999 _c11130
_d11130